000
00227nam a2200097Ia 4500
008
240331s9999 xx 000 0 und d
082
_b
SAN
100
_a
Santhanam, S
245
0
_a
Kalviyin thathuva, samuga adipadaikal
942
_c
L
999
_c
3627
_d
3627